Emperors of Japan - Statistics

General Stats
  • This quiz has been taken 41 times
  • The average score is 4 of 5
Answer Stats
Hint Answer % Correct
(1926-1989) Hirohito
100%
(2019-Present) Naruhito
73%
(1867-1912) Mutsuhito
70%
(1989-2019) Akihito
68%
(1912-1926) Yoshihito
49%
No matching quizzes found
Score Distribution
Percent of People with Each Score
Percentile by Number Answered
Your Score History
You have not taken this quiz